Finančná reštrukturalizácia podniku

Úlohy finančného manažmentu podniku. Za finančne zdravý podnik je považovaný podnik, ktorý v určitom časovom okamihu, ako aj v budúcnosti je schopný vytvárať pozitívnu platovú silu vo vzťahu k jeho krátkodobým a dlhodobým záväzkom. Poruchy finančného zdravia podnikov. Vplyv faktorov vonkajšiho a vn...

Descripción completa

Guardado en:
Detalles Bibliográficos
Autor principal: Nináčová, Valéria
Formato: Capítulo de libro
Lenguaje:eslovaco
Materias:
Etiquetas: Agregar Etiqueta
Sin Etiquetas, Sea el primero en etiquetar este registro!

MARC

LEADER 00000naa$a2200000$$$4500
001 0022678
005 20221207121625.5
041 0 |a slo 
044 |a SK 
245 1 0 |a Finančná reštrukturalizácia podniku  |c Valéria Nináčová 
520 |a Úlohy finančného manažmentu podniku. Za finančne zdravý podnik je považovaný podnik, ktorý v určitom časovom okamihu, ako aj v budúcnosti je schopný vytvárať pozitívnu platovú silu vo vzťahu k jeho krátkodobým a dlhodobým záväzkom. Poruchy finančného zdravia podnikov. Vplyv faktorov vonkajšiho a vnútorného ekonomického prostredia. Hľadanie riešení odstránenia porúch vo finančnom zdraví podniku. Prístup finančných manažérov. Odstraňovanie porúch platobnej neschopnosti a záchrana podniku s ohrozeným zdravím. Ciele finančnej reštrukturalizácie podnikov. 
610 2 0 |a reštrukturalizácia finančná 
610 2 0 |a situácia finančná podniku 
610 2 0 |a manažment finančný 
610 2 0 |a štruktúra podniku finančná 
610 2 0 |a insolventnosť 
610 2 0 |a revitalizácia 
100 1 |a Nináčová, Valéria